000 00681nam a22002297a 4500
003 UA-OsUOA
001 34193
007 ta
008 20050926b un ||||| |||| 00| 0 ukr d
100 _aСеменкевич Н.
090 _a821.161.1
_bС30
942 _cBK
040 _aUA-OsUOA
_brus
_cUA-OsUOA
_dUA-OsUOA
245 _aСвеаборг
_bИсторическая повесть
300 _a338 с.
955 _a3
041 _arus
080 _a821.161.1
260 _aМ.
_bВоенное издательство министерства обороны
_c1966
650 7 _a82 Література. Літературознавство
_2UDC
999 _c320624
_d320624